<?xml version="1.0" encoding="UTF-8"?><?xml-stylesheet type="text/xsl" href="static/style.xsl"?><OAI-PMH xmlns="http://www.openarchives.org/OAI/2.0/" xmlns:xsi="http://www.w3.org/2001/XMLSchema-instance" xsi:schemaLocation="http://www.openarchives.org/OAI/2.0/ http://www.openarchives.org/OAI/2.0/OAI-PMH.xsd"><responseDate>2026-06-02T12:29:50Z</responseDate><request verb="GetRecord" identifier="oai:riuma.uma.es:10630/28055" metadataPrefix="marc">https://riuma.uma.es/rest/oai/request</request><GetRecord><record><header><identifier>oai:riuma.uma.es:10630/28055</identifier><datestamp>2026-02-03T12:18:22Z</datestamp><setSpec>com_10630_2254</setSpec><setSpec>col_10630_37959</setSpec></header><metadata><record xmlns="http://www.loc.gov/MARC21/slim" xmlns:dcterms="http://purl.org/dc/terms/" xmlns:doc="http://www.lyncode.com/xoai" xmlns:xsi="http://www.w3.org/2001/XMLSchema-instance" xsi:schemaLocation="http://www.loc.gov/MARC21/slim http://www.loc.gov/standards/marcxml/schema/MARC21slim.xsd">
   <leader>00925njm 22002777a 4500</leader>
   <datafield ind2=" " ind1=" " tag="042">
      <subfield code="a">dc</subfield>
   </datafield>
   <datafield ind2=" " ind1=" " tag="720">
      <subfield code="a">Jiménez-López, María de las Nieves</subfield>
      <subfield code="e">author</subfield>
   </datafield>
   <datafield ind2=" " ind1=" " tag="260">
      <subfield code="c">2023</subfield>
   </datafield>
   <datafield ind2=" " ind1=" " tag="520">
      <subfield code="a">La creación de la Fiscalía Europea en 2017 supone un paso histórico en al ámbito jurídico de la Unión Europea. La importancia de que, por fin, se haya constituido y esté en funcionamiento un órgano a nivel europeo que proteja los intereses, de momento, económicos de la Unión, supone un gran avance hacia un espacio jurídico común de los países de la Unión. Sin embargo, desde que se inician los primeros proyectos y comienzan a ver la luz los primeros resultados, especialmente, la Propuesta de Reglamento de 2013, hasta que se aprueba el Reglamento de 2017, muchos han sido los cambios que han tenido que introducirse hasta llegar a esta regulación común que ha permitido, finalmente su creación. &#xd;
Entre esos cambios, destaca por su importancia, la estructura y organización del propio organismo, así como sus competencias, y el régimen de obtención y admisibilidad de pruebas, unas cuestiones que son, sin embargo, fundamentales para el correcto desarrollo del procedimiento y, lo que, es más, para el éxito del propio organismo. &#xd;
En estas líneas, reflexionamos sobre la regulación de la admisibilidad de pruebas, que se presenta, inicialmente como insuficiente, y cuyos problemas prácticos pueden ser de gran importancia.</subfield>
   </datafield>
   <datafield ind1="8" ind2=" " tag="024">
      <subfield code="a">https://hdl.handle.net/10630/28055</subfield>
   </datafield>
   <datafield tag="653" ind2=" " ind1=" ">
      <subfield code="a">Prueba (Derecho)</subfield>
   </datafield>
   <datafield ind2="0" ind1="0" tag="245">
      <subfield code="a">Principio de reconocimiento mutuo y admisión de pruebas en el procedimiento competencia de la fiscalía europea: ¿Es suficiente?</subfield>
   </datafield>
</record>
</metadata></record></GetRecord></OAI-PMH>